<?xml version="1.0" encoding="UTF-8"?>
<record
    xmlns:xsi="http://www.w3.org/2001/XMLSchema-instance"
    xsi:schemaLocation="http://www.loc.gov/MARC21/slim http://www.loc.gov/standards/marcxml/schema/MARC21slim.xsd"
    xmlns="http://www.loc.gov/MARC21/slim">

  <leader>00954nam a2200205 i 4500</leader>
  <controlfield tag="001">77887</controlfield>
  <controlfield tag="003">BD-RjUL</controlfield>
  <controlfield tag="005">20211209083047.0</controlfield>
  <controlfield tag="008">210207s1984    le            ||| | ara d</controlfield>
  <datafield tag="035" ind1=" " ind2=" ">
    <subfield code="a">(BD-RjUL)78113)</subfield>
  </datafield>
  <datafield tag="040" ind1=" " ind2=" ">
    <subfield code="a">UkOxU</subfield>
    <subfield code="b">eng</subfield>
    <subfield code="e">rda</subfield>
    <subfield code="c">UkOxU</subfield>
  </datafield>
  <datafield tag="041" ind1=" " ind2=" ">
    <subfield code="a">ara</subfield>
  </datafield>
  <datafield tag="082" ind1=" " ind2=" ">
    <subfield code="2">23</subfield>
    <subfield code="a">297.12509072</subfield>
    <subfield code="b">ABH 1984</subfield>
  </datafield>
  <datafield tag="100" ind1="1" ind2=" ">
    <subfield code="a">&#x623;&#x628;&#x648; &#x632;&#x647;&#x648;,  &#x645;&#x62D;&#x645;&#x62F; &#x645;&#x62D;&#x645;&#x648;&#x62F;  Ab&#x16B; Zahw, Mu&#x1E25;ammad Mu&#x1E25;ammad,</subfield>
    <subfield code="e">author.</subfield>
    <subfield code="9">244478</subfield>
  </datafield>
  <datafield tag="245" ind1="1" ind2="4">
    <subfield code="a">&#x627;&#x644;&#x62D;&#x62F;&#x64A;&#x62B; &#x648;&#x627;&#x644;&#x645;&#x62D;&#x62F;&#x62B;&#x648;&#x646; :  &#x627;&#x648; &#x639;&#x646;&#x627;&#x64A;&#x629; &#x627;&#x644;&#x623;&#x645;&#x629; &#x627;&#x644;&#x627;&#x633;&#x644;&#x627;&#x645;&#x64A;&#x629; &#x628;&#x627;&#x644;&#x633;&#x646;&#x629; &#x627;&#x644;&#x646;&#x628;&#x648;&#x64A;&#x629; al-&#x1E24;ad&#x12B;th wa-al-mu&#x1E25;addith&#x16B;n : aw, &#x2BB;In&#x101;yat al-ummah al-Isl&#x101;m&#x12B;yah bi-al-sunnah al-Nabaw&#x12B;yah /:</subfield>
    <subfield code="c">&#x645;&#x62D;&#x645;&#x62F; &#x645;&#x62D;&#x645;&#x648;&#x62F; &#x623;&#x628;&#x648; &#x632;&#x647;&#x648; Mu&#x1E25;ammad Mu&#x1E25;ammad Ab&#x16B; Zahw.</subfield>
  </datafield>
  <datafield tag="264" ind1=" " ind2="1">
    <subfield code="a">Bayr&#x16B;t :&#x628;&#x64A;&#x631;&#x648;&#x62A; :</subfield>
    <subfield code="b">Al Maktabat al Tawfiqiyah,  &#x62F;&#x627;&#x631; &#x627;&#x644;&#x643;&#x62A;&#x627;&#x628; &#x627;&#x644;&#x639;&#x631;&#x628;&#x64A;,</subfield>
    <subfield code="c">1378 (h)1984</subfield>
  </datafield>
  <datafield tag="300" ind1=" " ind2=" ">
    <subfield code="a">[14], 495 pages ;</subfield>
    <subfield code="c">25 cm</subfield>
  </datafield>
  <datafield tag="650" ind1=" " ind2="0">
    <subfield code="a">Hadith -- Study and teaching </subfield>
    <subfield code="v">History.</subfield>
    <subfield code="9">244479</subfield>
  </datafield>
  <datafield tag="942" ind1=" " ind2=" ">
    <subfield code="2">ddc</subfield>
    <subfield code="c">BK</subfield>
  </datafield>
  <datafield tag="999" ind1=" " ind2=" ">
    <subfield code="c">77887</subfield>
    <subfield code="d">77887</subfield>
  </datafield>
  <datafield tag="952" ind1=" " ind2=" ">
    <subfield code="0">0</subfield>
    <subfield code="1">0</subfield>
    <subfield code="2">ddc</subfield>
    <subfield code="4">0</subfield>
    <subfield code="7">1</subfield>
    <subfield code="8">NFIC</subfield>
    <subfield code="a">RUCL</subfield>
    <subfield code="b">RUCL</subfield>
    <subfield code="c">Reading</subfield>
    <subfield code="d">2008-06-16</subfield>
    <subfield code="e">Maktabatul arabia , Dhaka</subfield>
    <subfield code="g">500.00</subfield>
    <subfield code="l">0</subfield>
    <subfield code="o">A 297.12509072 ABH 1984</subfield>
    <subfield code="r">2021-02-07 00:00:00</subfield>
    <subfield code="t">C-1</subfield>
    <subfield code="w">2021-02-07</subfield>
    <subfield code="y">BK</subfield>
  </datafield>
</record>
